000 00439nam a2200169Ia 4500
008 170203s9999 xx 000 0 und d
020 _a9780746077269
050 _aFic
050 _b.C877s 2006
100 _aCox, Phil Roxbee
245 _aSam sheep can't sleep /
245 _cPhil Roxbee Cox, illustrator, Stephen Cartwright
260 _bUsborne
260 _c2006
300 _a16 pages ;
440 _aUsborne Phonics Readers
999 _c306023
_d306023